Największe miasta Konurbacji Górnośląskiej - Statystyki

Ogólne statystyki
  • Ten quiz został rozwiązany 41 razy
    5 od ostatniego zresetowania
  • Średni wynik to 8 z 10
Statystyki odpowiedzi
Lp. Populacja Odpowiedź % Poprawnych
3 179 tys Gliwice
100%
1 294 tys Katowice
100%
2 201 tys Sosnowiec
100%
5 166 tys Bytom
75%
9 108 tys Chorzów
75%
8 120 tys Dąbrowa Górnicza
75%
7 128 tys Tychy
75%
4 173 tys Zabrze
75%
10 91 tys Jaworzno
50%
6 138 tys Ruda Śląska
50%
Nie znaleziono quizów pasujących do podanych kryteriów
Rozkład punktacji
Procent ludzi z każdym wynikiem
Percentyl według liczby udzielonych odpowiedzi
Twoja historia wyników
Nie rozwiązałeś tego quizu od ostatniego zresetowania